Toutes les versions macOS en images - Apple - Statistiques

Statistiques générales
  • Ce quiz a été pris 7 fois
  • Le résultat moyen est 4 sur 20
Statistiques - réponses
Par images Réponse % Correct
Tahoe
71%
Sequoia
57%
Lion
43%
Catalina
29%
Snow Leopard
29%
Sonoma
29%
Big Sur
14%
Cheetah
14%
Jaguar
14%
Monterey
14%
Panther
14%
Puma
14%
Tiger
14%
Ventura
14%
Yosemite
14%
El Capitan
0%
High Sierra
0%
Mavericks
0%
Mojave
0%
Moutain Lion
0%
Aucun quiz correspondant
Distribution des résultats
% des personnes avec chaque résultat
Percentile par nombre de réponses
Votre historique - résultats
Vous n’avez pas pris ce quiz